| 000 | 00861nam a22002297a 4500 | ||
|---|---|---|---|
| 999 |
_c18289 _d18289 |
||
| 005 | 20251125232905.0 | ||
| 008 | s2534 th tha d | ||
| 020 | _a9748574334 | ||
| 040 | _aNALT | ||
| 041 | _atha | ||
| 100 | 0 | _aสนิท สนั่นศิลป์ | |
| 245 | 1 | 0 | _aหลักการตีความสัญญา |
| 260 | 3 |
_aกรุงเทพฯ : _bวิญญูชน, _c2534 |
|
| 300 |
_a62 หน้า ; _b 22 ซม. |
||
| 650 | 0 | 4 | _aสัญญา -- การตีความ |
| 650 | 0 | 4 | _aกฎหมายแพ่งและพาณิชย์ -- สัญญา |
| 850 | _aNALT | ||
| 856 | 4 | 0 |
_uhttps://hdl.handle.net/20.500.14156/302466 _71 |
| 942 |
_cLB _2lcc _04 |
||
| 998 |
_j111 _k นางสาวพจพิณ พรมเอี่ยม |
||
| 090 | _aKS36.2 ส213ห 2534 | ||